Sociologists in search of their intellectual domain /

Bibliographic Details
Other Authors: Boalt, Gunnar, Bergryd, Ulla
Format: Book
Language:English
Published: Stockholm, Sweden : Atlantic Highlands, N.J. : Almqvist & Wiksell International ; Humanities Press, 1979.
Subjects:

MARC

Tag First Indicator Second Indicator Subfields
LEADER 00000cam a2200000 a 4500
001 in00000077844
005 20151008055035.0
008 800116s1979 sw b 00000 eng d
020 |a 9122002685 
035 |a (OCoLC)05876091 
035 |9 AAJ2394AM 
040 |a UIU  |c UIU  |d OCL  |d m.c.  |d OCL  |d TXA  |d UtOrBLW 
043 |a e-sw--- 
049 |a TXAM  |c [1272057] 
090 |a HM48  |b .S566 
092 |a 301.018  |b So135 
245 0 0 |a Sociologists in search of their intellectual domain /  |c Gunnar Boalt, Ulla Bergryd [and others]. 
264 1 |a Stockholm, Sweden :  |b Almqvist & Wiksell International ;  |a Atlantic Highlands, N.J. :  |b Humanities Press,  |c 1979. 
300 |a 163 pages ;  |c 24 cm. 
336 |a text  |b txt  |2 rdacontent 
337 |a unmediated  |b n  |2 rdamedia 
338 |a volume  |b nc  |2 rdacarrier 
504 |a Bibliography: page 12. 
650 0 |a Sociology  |x Research. 
650 0 |a Sociology  |x Methodology. 
650 0 |a Sociology  |x Research  |z Sweden. 
700 1 |a Boalt, Gunnar. 
700 1 |a Bergryd, Ulla. 
999 |a MARS 
999 f f |s 2a83d8a2-8dbd-3bc6-9f21-ef74e2cf0161  |i 408aa817-ff66-3b04-9815-c803524e44b0  |t 0 
952 f f |p ric  |a Texas A&M University  |b Rellis Campus  |c Joint Library Facility  |d Remote Storage  |t 0  |e HM48 .S566  |h Library of Congress classification  |i unmediated -- volume  |m A14806138890 
998 f f |a HM48 .S566  |t 0  |l Remote Storage